|
|
|
|
| LEADER |
00000naa2a2200000 4500 |
| 001 |
435911 |
| 005 |
20231219114339.0 |
| 035 |
|
|
|a (RuTPU)RU\TPU\prd\96990
|
| 035 |
|
|
|a RU\TPU\prd\96985
|
| 090 |
|
|
|a 435911
|
| 100 |
|
|
|a 20110129a1999 k y0rusy50 ca
|
| 101 |
0 |
|
|a rus
|
| 102 |
|
|
|a RU
|
| 200 |
1 |
|
|a Перспективное глинистое сырье для тонкой и строительной керамики
|f Т. В. Вакалова [и др.]
|
| 461 |
|
0 |
|0 (RuTPU)RU\TPU\prd\1726
|t Стекло и керамика
|o научно-технический и производственный журнал
|f Российский химико-технологический университет им. Д. И. Менделеева (РХТУ)
|d 1948-
|
| 463 |
|
0 |
|0 (RuTPU)RU\TPU\prd\95055
|t № 8
|v С. 12-15, 35
|d 1999
|
| 610 |
1 |
|
|a труды учёных ТПУ
|
| 701 |
|
1 |
|a Вакалова
|b Т. В.
|c химик-технолог
|c профессор Томского политехнического университета, доктор технических наук
|f 1956-
|g Татьяна Викторовна
|3 (RuTPU)RU\TPU\pers\26197
|4 070
|9 12005
|
| 701 |
|
1 |
|a Хабас
|b Т. А.
|c химик
|c профессор Томского политехнического университета, доктор технических наук
|f 1949-
|g Тамара Андреевна
|3 (RuTPU)RU\TPU\pers\25651
|4 070
|9 11562
|
| 701 |
|
1 |
|a Верещагин
|b В. И.
|c химик-технолог
|c профессор Томского политехнического университета, доктор технических наук
|f 1942-
|g Владимир Иванович
|3 (RuTPU)RU\TPU\pers\19774
|4 070
|9 7712
|
| 701 |
|
1 |
|a Решетников
|b А. А.
|
| 801 |
|
1 |
|a RU
|b 63413507
|c 20110129
|
| 801 |
|
2 |
|a RU
|b 63413507
|c 20111118
|g RCR
|
| 942 |
|
|
|c BK
|